| 000 | 00439cam a2200181 4500 | ||
|---|---|---|---|
| 001 | D9170 | ||
| 008 | 090401t1966 xxu||||| |||| 00| 0 eng d | ||
| 035 | _a(Sirsi) u94153 | ||
| 041 | _aeng | ||
| 110 |
_aCollege of Estate Management _9400 |
||
| 245 | _aStatutory intervention in private land use control | ||
| 260 |
_bCEM _c1966 |
||
| 350 | _a0 | ||
| 520 | _aShelf 135 | ||
| 700 | 1 | _aTaylor, V. W. | |
| 942 | _n0 | ||
| 948 | _c04/03/1997 | ||
| 999 |
_c97917 _d97917 |
||